| 000 | 00487nam a2200145Ia 4500 | ||
|---|---|---|---|
| 008 | 231129s2000||||xx |||||||||||||| ||spa|| | ||
| 020 | _a958-614-870-X | ||
| 040 | _bspa | ||
| 082 | _a(EN PROCESO DE DESCARTE) V868 A719a | ||
| 100 | _aArizmendi Posada Octavio | ||
| 245 | 0 | _aAsí pensaba Bolívar: Las mejores frases del Libertador presentadas por temas | |
| 260 | _c2000 | ||
| 264 | _aSantafé de Bogotá Colombia: Planeta | ||
| 942 |
_2ddc _cBKS |
||
| 999 |
_c5700 _d5700 |
||